| 000 | 00755cam a2200217 4500 | ||
|---|---|---|---|
| 001 | J113721 | ||
| 008 | 010723n2001 000 0 eng u | ||
| 035 | _a(Sirsi) u113721 | ||
| 050 | _a346.41078 | ||
| 245 | _a2001 directory of registered property receivers | ||
| 260 |
_aLondon _bJardine Lloyd Thompson? _c2001 |
||
| 300 | _a176p. ; 21cm. | ||
| 520 | _aPublished on behalf of RICS, Insolvency Practioners Association and Associaiton of Chartered Certified Accountants. For more information please contact Liz Weaver at the RICS on 020 7695 1597 or email [email protected] | ||
| 650 | _aINSOVENCY | ||
| 650 | _aRECEIVERSHIP | ||
| 650 | _aDIRECTORIES | ||
| 650 | _aPROPERTY LAW | ||
| 650 | _aRECEIVERS | ||
| 690 | _aPROPERTY | ||
| 942 | _n0 | ||
| 999 |
_c101551 _d101551 |
||